000 01914cam a22005054i 4500
003 PE-LiUPU
005 20250731173553.0
008 150616s r 000 0 d
035 _a(Sirsi) a9766
040 _aPE-LiUPU
_bspa
_cPE-LiUPU
_erda
049 _aPRUA
082 0 4 _a231
_bK76
_221
100 1 _aKorpel, Marjo C. A.,
_d1958-
_qMarjo Christina Annette,
_eautor.
245 1 2 _aA Rift in the Clouds :
_bUgaritic and Hebrew Descriptions of the Divine /
_cMarjo Christina Annette Korpel.
264 1 _aMünster :
_bUGARIT-Verlag,
_c1990.
300 _a721 páginas ;
_c25 cm.
336 _atext
_2rdacontent
337 _aunmediated
_2rdamedia
338 _avolume
_2rdacarrier
505 0 _aThe problem.- Metaphor and simile.- Anthropomorphic descriptions of the divine in Ugarit and Israel.- Other descriptions of the divine in Ugarit and Israel.- Conclusions.
526 _aSEG42
526 _aSEG41
526 _aSEG40
526 _aSEG39
526 _aP94
526 _aP87
526 _aP86
526 _aP85
526 _aP77
526 _aP76
526 _aP35
630 _aBiblia.
_pA.T.
_xCrítica, interpretación, etc.
650 0 4 _aDios
_xAtributos
_xEnseñanza bíblica.
650 0 4 _aDios
_xAtributos
_xEstudios comparativos.
650 0 4 _aLiteratura Ugaritica
_xRelación con el Antiguo Testamento.
650 0 4 _aAntropomorfismo.
650 0 4 _aUgarit (Ciudad extinta)
_xReligion.
910 _ajck
_bjvq
_cjck
942 _2ddc
_cBOOK
949 _a231 K76
_wDEWEY
_c1
_i43288
_lCCODEBUL1
_mBUL
_p00.00
_r0
_sY
_tBOOK
_u19971009
_xTEOLOGIA
_zUNKNOWN
_0COMPRA
_o.STAFF. Colección General
994 _aC0
_bPEPRU
596 _a1
999 _a231 K76
_wDEWEY
_c61254
_i43288
_d61254
_f2021-11-9
_g5
_lCCODEBUL1
_mBUL
_q1
_r0
_sY
_tBOOK
_u2015-6-16
_xTEOLOGIA
_zUNKNOWN
_0COMPRA
_o.STAFF. Colección General
980 _81
_gALBERTO SANCHEZ Responsable de Automatización